000 01731cam a22001814a 4500
005 20250605164403.0
008 250528s ||||||||||||||||||||||||d
035 _a24682
040 _aGR-AtMCL
_bgre
_dGR-AtMCL
_eAACR2
245 1 _aΗγεσία και Διαχείριση Κρίσεων
260 _bΔελτίον Διοικήσεως Επιχειρήσεων,
_c2020
300 _a96
520 _aΗ Ηγεσία στην Εποχή του Covid-19, Οι 100 Λέξεις του Μάναντζμεντ, Αξιολογήστε την Επίδοση της Εταιρικής σας Επωνυμίας Μέσω των Διεθνών Προτύπων, ΤτΕ: Οι Επτά Προτεραιότητες για την Ελληνική Οικονομία, NIELSEN: Υψηλά ο Δείκτης Καταναλωτικής Εμπιστοσύνης στην Ελλάδα, ΕΕΝΕ + ΕΛΛΗΝΙΚΗ ΠΑΡΑΓΩΓΗ: Οι Προκλήσεις για το Μέλλον της Παραγωγής, ΠΣΕ: Ρεκόρ για τις Εαγωγές και το 2019, ΣΕΒΕ: Άνοδος του Δείκτη Εξαγωγικών Προσδοκιών, NIELSEN: Ψηφιακή ή Προφορική Επικοινωνία, Χ. ΦΑΦΑΛΙΟΣ: Οι Ελληνικές Ναυτιλιακές Εταιρίες Συνεχίζουν στο Σωστό Δρόμο, ΕΒΘ - ΣΒΕ: Η Ασφάλιση Ομπρέλα Προστασίας για Κάθε Επιχείρηση, Τα Νέα των Βιομηχανικών και Εμπορικών Επιχειρήσεων.
700 1 _aΠαπαμιχαλάκης Ιωάννης Ν
_99495
942 _cCR
999 _c9549
_d9549